| 000 | 00715cab a2200205 4500 | ||
|---|---|---|---|
| 001 | ABS37878 | ||
| 008 | 090401t1987 xxu||||| |||| 00| 0 eng d | ||
| 035 | _a(Sirsi) u7344 | ||
| 041 | _aeng | ||
| 100 | _aScott, I.P. | ||
| 245 | _aExpert systems for rating valuation | ||
| 260 | _c1987 | ||
| 350 | _a0 | ||
| 490 |
_aRating and Valuation _vJune 1987, 171-72(2) |
||
| 520 | _aLooks at research being undertaken at the Polytechnic of Wales into the development of an expert system for valuing residential property for mortgage purposes and considers its possible application in the future to rating valuation. | ||
| 690 | _aRATING AND VALUATION | ||
| 700 | _aGronow, S.A. | ||
| 942 | _n0 | ||
| 948 | _c04/03/1997 | ||
| 999 |
_c4426 _d4426 |
||